| 000 | 01972nam a2200265 4500 | ||
|---|---|---|---|
| 001 | ESSALUD | ||
| 007 | ta | ||
| 008 | t2026 pe ||||| |||| 00| 0 spa d | ||
| 040 | _aBMG | ||
| 041 | _aspa | ||
| 100 |
_aPhilipps Alvarez, Andrea Luciana _eautor _952690 |
||
| 245 | _aEpidemiología de las leucemias en la población cubierta por el Fondo Intangible Solidario de Salud (FISSAL), 2022-2023 | ||
| 300 | _apáginas 25-31 | ||
| 520 | _aCaracterizar los diagnósticos de leucemia en la población cubierta por el Fondo Intangible Solidario de Salud (FISSAL) del Seguro Integral de Salud (SIS) en 2022-2023. Se realizó un estudio observacional y descriptivo, ejecutado con datos de fuente secundaria provenientes del FISSAL (SIS) del Perú que contiene registros de atenciones oncológicas del 2022 y 2023. Se analizaron 7 771 diagnósticos correspondientes a 5 443 pacientes; las leucemias agudas fueron las más prevalentes (65,1%) afectando principalmente a la población infantil, mientras que las leucemias crónicas mostraron un marcado predominio en la población adulta (80,6%). Se evidencian variaciones entre edad y región, además de una fuerte concentración de diagnósticos en la capital. Estos hallazgos resaltan la urgente necesidad de descentralizar la atención oncohematológica y mejorar la distribución equitativa de recursos para garantizar un diagnóstico oportuno y un tratamiento efectivo en todas las ciudades del país. | ||
| 650 |
_aLEUCEMIA _933873 |
||
| 650 | _aEPIDEMIOLOGÍA | ||
| 650 |
_aSEGURO DE SALUD _92768 |
||
| 650 |
_aPERÚ _913 |
||
| 700 |
_aCarrasco Villa, Lady Maribel _eautor _952691 |
||
| 700 |
_aZavala Alata, Sonia Natalia _eautor _952692 |
||
| 700 |
_aRolando Espinoza, Sophie Gwineth _eautor _952693 |
||
| 700 |
_aMacciotta Casassa, Mateo _eautor _952694 |
||
| 773 | 0 |
_022497 _922595 _dLima : IETSI _oCITES01 _tCiencia y Tecnología aplicada a la Salud Pública _wESSALUD _x3119-7981 |
|
| 942 |
_cARTICULOS _e2026-06-11 _zAFC |
||
| 999 |
_c22519 _d22519 |
||